000 00572nam a22002177a 4500
003 UA-OsUOA
001 36922
007 ta
008 20060216b un ||||| |||| 00| 0 ukr d
100 _aСкладаний П.
090 _a82
_bС11
942 _cSA
040 _aUA-OsUOA
_bukr
_cUA-OsUOA
_dUA-OsUOA
245 _aПавло Тичина: "В поколіннях я озвуся..."
300 _aС.10
955 _a0
041 _aukr
080 _a82
773 0 _w36920
650 7 _a82 Література. Літературознавство
_2UDC
999 _c323153
_d323153